Loading...
| Philosophy | 0 | 5 | 0 | 0 | 50 | 71 | 90.60 | 3 | 5 |
| Literature - European Literature | 0 | 3 | 0 | 1 | 30 | 128 | 142.33 | 0 | 3 |
| Literature - World Literature | 0 | 3 | 0 | 1 | 30 | 100 | 124.00 | 1 | 3 |
| Literature - American Literature | 0 | 2 | 0 | 0 | 20 | 94 | 125.00 | 1 | 2 |
| Science - Other Science | 0 | 2 | 0 | 0 | 20 | 72 | 88.00 | 0 | 2 |
| Literature - British Literature | 0 | 2 | 1 | 0 | 15 | 41 | 83.50 | 1 | 2 |
| Social Science | 0 | 1 | 0 | 0 | 10 | 109 | 109.00 | 0 | 1 |
| History - American History | 0 | 1 | 0 | 0 | 10 | 133 | 133.00 | 0 | 1 |
| History - Other History | 0 | 1 | 0 | 1 | 10 | 137 | 137.00 | 0 | 1 |
| Science - Chemistry | 0 | 1 | 0 | 0 | 10 | 120 | 120.00 | 0 | 1 |
| Fine Arts - Classical Music | 0 | 1 | 0 | 0 | 10 | 119 | 119.00 | 0 | 1 |
| Fine Arts - Other Fine Arts | 0 | 1 | 1 | 0 | 5 | 143 | 143.00 | 0 | 1 |
| Religion | 0 | 0 | 0 | 0 | 0 | 0.00 | 0 | 0 | |
| Fine Arts - Painting & Sculpture | 0 | 0 | 0 | 0 | 0 | 0.00 | 0 | 0 | |
| History - European History | 0 | 0 | 1 | 0 | -5 | 0.00 | 0 | 0 |